Devinez la Capitale Mystère #180 - Statistiques

Statistiques générales
  • Ce quiz a été pris 59 fois
  • Le résultat moyen est 26 sur 36
Statistiques - réponses
Type de Réponse Réponse % Correct
Lettre Trouvée A
100%
Lettre de l'Alphabet I
100%
Lettre Trouvée N
100%
Lettre Trouvée O
100%
Lettre de l'Alphabet S
100%
Lettre Trouvée B
98%
Lettre de l'Alphabet L
98%
Lettre de l'Alphabet R
98%
Lettre Trouvée E
96%
Lettre Trouvée D
91%
Lettre de l'Alphabet G
91%
Lettre de l'Alphabet M
91%
Lettre de l'Alphabet P
91%
Lettre Trouvée U
91%
Lettre Trouvée C
89%
Lettre de l'Alphabet T
89%
Lettre Trouvée H
83%
Lettre de l'Alphabet K
83%
Lettre Bien Placée O
83%
Lettre de l'Alphabet W
76%
Lettre Bien Placée A
67%
Lettre de l'Alphabet V
67%
Lettre de l'Alphabet Y
59%
Lettre Bien Placée N
57%
Lettre de l'Alphabet X
54%
Lettre Bien Placée C
52%
Lettre Bien Placée D
50%
Lettre Bien Placée U
50%
Lettre de l'Alphabet J
48%
Lettre de l'Alphabet Q
43%
Lettre de l'Alphabet Z
43%
Lettre Bien Placée É
41%
Lettre Bien Placée H
41%
Lettre de l'Alphabet F
39%
Lettre Bien Placée B
37%
Capitale Mystère Douchanbé
37%
Aucun quiz correspondant
Distribution des résultats
% des personnes avec chaque résultat
Percentile par nombre de réponses
Votre historique - résultats
Vous n’avez pas pris ce quiz